[Event "Titled Tuesday intern op 25th Jul Early"]
[Site "Chess.com INT"]
[Date "2023.07.25"]
[Round "2"]
[White "Bellissimo, Joseph F"]
[Black "Shturman, Arseniy"]
[Result "1-0"]
[WhiteElo "2203"]
[BlackElo "2076"]
[PlyCount "47"]
[EventDate "2023.07.25"]
[EventType "swiss (blitz)"]
[EventRounds "11"]
[EventCountry "USA"]
[SourceTitle "EXT 2024"]
[Source "ChessBase"]
[SourceDate "2023.10.10"]
[SourceVersion "1"]
[SourceVersionDate "2023.10.10"]
[SourceQuality "1"]

1. e4 c5 2. Nf3 Nc6 3. c3 Nf6 4. e5 Nd5 5. d4 cxd4 6. cxd4 d6 7. Bc4 Nb6 8. Bd3 dxe5 9. dxe5 Bg4 10. 0-0 Nxe5 11. Nxe5 Bxd1 12. Bb5+ Qd7 13. Nxd7 Nxd7 14. Rxd1 0-0-0 15. Rxd7 Rxd7 16. Bxd7+ Kxd7 17. Nc3 e6 18. Be3 b6 19. Rd1+ Kc6 20. Rd8 Kc7 21. Ra8 Kb7 22. Re8 g6 23. Bd4 Rg8 24. Bf6 1-0

[Event "Titled Tuesday intern op 25th Jul Late"]
[Site "Chess.com INT"]
[Date "2023.07.25"]
[Round "1"]
[White "Gubajdullin, Alexey"]
[Black "Bellissimo, Joseph F"]
[Result "1-0"]
[WhiteElo "2266"]
[BlackElo "2203"]
[PlyCount "151"]
[EventDate "2023.07.25"]
[EventType "swiss (blitz)"]
[EventRounds "11"]
[EventCountry "USA"]
[SourceTitle "EXT 2024"]
[Source "ChessBase"]
[SourceDate "2023.10.10"]
[SourceVersion "1"]
[SourceVersionDate "2023.10.10"]
[SourceQuality "1"]

1. d4 Nf6 2. Nf3 e6 3. Bf4 d5 4. e3 Bd6 5. Bg3 0-0 6. Nbd2 b6 7. Bd3 Bb7 8. c3 Ne4 9. Qc2 f5 10. Ne5 Nd7 11. Nxd7 Qxd7 12. Bxd6 Qxd6 13. f3 Nxd2 14. Qxd2 c5 15. f4 Rac8 16. Rg1 a6 17. g4 fxg4 18. Rxg4 cxd4 19. cxd4 b5 20. Ke2 Kh8 21. Rag1 Rc7 22. Bb1 Qc6 23. b3 Bc8 24. Qd3 Rf5 25. Qd2 Rh5 26. R4g2 Rh3 27. Qb4 Kg8 28. Kd2 Bd7 29. Bd3 Be8 30. f5 exf5 31. Bxf5 Bg6 32. Bxg6 hxg6 33. Qc5 Qxc5 34. dxc5 Rxc5 35. Rxg6 Rxh2+ 36. Kd3 Rc7 37. Rxa6 Rhc2 38. Ra8+ Kf7 39. Rf1+ Kg6 40. Ra6+ Kg5 41. Kd4 Rd2+ 42. Ke5 Re7+ 43. Kd6 Rxe3 44. Ra7 g6 45. Rg1+ Kf4 46. Rf7+ Ke4 47. Rxg6 d4 48. Rg5 Kd3 49. Rxb5 Rxa2 50. Kd5 Rh2 51. Rf5 Kc3 52. Rc5+ Kd3 53. b4 Rh8 54. b5 Rd8+ 55. Kc6 Rc8+ 56. Kd7 Rxc5 57. Rxc5 Re1 58. b6 Rb1 59. Kc6 Ke3 60. Rb5 Rc1+ 61. Kd7 d3 62. Rb3 Ke2 63. b7 d2 64. Rb2 Rb1 65. Rxb1 d1Q+ 66. Rxd1 Kxd1 67. b8Q Ke2 68. Qb3 Kf2 69. Ke6 Kg2 70. Kf5 Kh1 71. Kf4 Kg1 72. Qe3+ Kh2 73. Qg3+ Kh1 74. Qg4 Kh2 75. Kf3 Kh1 76. Qg2# 1-0

[Event "Titled Tuesday intern op 13th Jun Early"]
[Site "Chess.com INT"]
[Date "2023.06.13"]
[Round "2"]
[White "Bellissimo, Joseph F"]
[Black "Skvortsov, Andrei"]
[Result "0-1"]
[WhiteElo "2203"]
[BlackElo "2330"]
[PlyCount "78"]
[EventDate "2023.06.13"]
[EventType "swiss (blitz)"]
[EventRounds "11"]
[EventCountry "USA"]
[SourceTitle "EXT 2024"]
[Source "ChessBase"]
[SourceDate "2023.10.10"]
[SourceVersion "1"]
[SourceVersionDate "2023.10.10"]
[SourceQuality "1"]

1. e4 d5 2. exd5 Qxd5 3. Nc3 Qe5+ 4. Be2 Bg4 5. d4 Bxe2 6. Ngxe2 Qa5 7. 0-0 Nf6 8. d5 c6 9. b4 Qd8 10. dxc6 Nxc6 11. b5 Ne5 12. Bf4 Ng6 13. Bg5 e6 14. Bxf6 gxf6 15. Nd4 Bc5 16. Nce2 0-0 17. c4 f5 18. Qd2 Qf6 19. Nb3 Rfd8 20. Qh6 Bf8 21. Qe3 b6 22. a4 Bb4 23. a5 bxa5 24. Nxa5 Bd2 25. Qb3 Bxa5 26. Rxa5 Rd2 27. Ng3 Nf4 28. b6 Rd3 29. b7 Rb8 30. Qb4 Qd4 31. Qb1 Rxg3 32. hxg3 Ne2+ 33. Kh1 Qf6 34. Qe4 fxe4 35. Rh5 Nxg3+ 36. fxg3 Qxf1+ 37. Kh2 Rxb7 38. Rg5+ Kf8 39. Rf5 Qxf5 0-1

[Event "Titled Tuesday intern op 13th Jun Late"]
[Site "Chess.com INT"]
[Date "2023.06.13"]
[Round "3"]
[White "Oro, Faustino"]
[Black "Bellissimo, Joseph F"]
[Result "1-0"]
[WhiteElo "2316"]
[BlackElo "2203"]
[PlyCount "135"]
[EventDate "2023.06.13"]
[EventType "swiss (blitz)"]
[EventRounds "11"]
[EventCountry "USA"]
[SourceTitle "EXT 2024"]
[Source "ChessBase"]
[SourceDate "2023.10.10"]
[SourceVersion "1"]
[SourceVersionDate "2023.10.10"]
[SourceQuality "1"]

1. Nf3 Nf6 2. g3 b5 3. Bg2 Bb7 4. 0-0 e6 5. d3 Be7 6. Nbd2 c5 7. e4 d6 8. c3 Nbd7 9. Re1 0-0 10. d4 e5 11. d5 Re8 12. Nf1 Bf8 13. h3 g6 14. N1h2 Bg7 15. Bg5 h6 16. Bd2 Kh7 17. Qe2 Qb6 18. h4 c4 19. Bh3 Nc5 20. Be3 Nfxe4 21. h5 Bxd5 22. hxg6+ fxg6 23. Rad1 Qc6 24. Nh4 Nd3 25. Rxd3 cxd3 26. Qxd3 Be6 27. Bg2 d5 28. Rd1 Bf7 29. Nf1 Rad8 30. Nh2 Nc5 31. Qd2 Qc7 32. Ng4 g5 33. Nf5 d4 34. cxd4 exd4 35. Bxg5 hxg5 36. Qxg5 Bg6 37. Nxg7 Qxg7 38. Qxc5 d3 39. Qg5 Rd6 40. Bf1 Be4 41. Qh4+ Kg8 42. Bg2 Bxg2 43. Kxg2 d2 44. Ne3 Rxe3 45. fxe3 Qb7+ 46. Kf2 Qf7+ 47. Kg1 Qf3 48. Qg5+ Kf7 49. Qf4+ Qxf4 50. gxf4 Ke6 51. Kf2 Kf5 52. Ke2 Ke4 53. Rxd2 Rg6 54. Rd4+ Kf5 55. Kf3 Rc6 56. Rd5+ Kf6 57. Rxb5 Rc2 58. Ra5 Rxb2 59. Ra6+ Kf7 60. Rxa7+ Kf6 61. Ra6+ Kf7 62. a4 Ra2 63. e4 Ra3+ 64. Kg4 Kg7 65. Kf5 Kh7 66. Ra7+ Kh6 67. e5 Ra1 68. e6 1-0

[Event "Titled Tuesday intern op 20th Dec Late"]
[Site "Chess.com INT"]
[Date "2022.12.20"]
[Round "2"]
[White "Bellissimo, Joseph F"]
[Black "Kohler, Aran"]
[Result "1-0"]
[WhiteElo "2203"]
[BlackElo "2010"]
[PlyCount "59"]
[EventDate "2022.12.20"]
[EventType "swiss (blitz)"]
[EventRounds "11"]
[EventCountry "USA"]
[SourceTitle "EXT 2024"]
[Source "ChessBase"]
[SourceDate "2023.10.10"]
[SourceVersion "1"]
[SourceVersionDate "2023.10.10"]
[SourceQuality "1"]

1. e4 c6 2. d4 d5 3. e5 c5 4. dxc5 e6 5. a3 Bxc5 6. b4 Bb6 7. Nf3 Ne7 8. Bd3 Ng6 9. h4 Nc6 10. Bb2 0-0 11. g3 Qc7 12. Qe2 f6 13. exf6 gxf6 14. Bxg6 hxg6 15. h5 g5 16. h6 e5 17. b5 Ne7 18. Nxg5 fxg5 19. h7+ Kf7 20. h8Q Rxh8 21. Rxh8 Ba5+ 22. Nd2 Bxd2+ 23. Kxd2 d4 24. Rh7+ Ke6 25. Bxd4 Qa5+ 26. Bc3 Qd8+ 27. Kc1 Ng6 28. Qc4+ Qd5 29. Qg4+ Kd6 30. Bb4+ 1-0

[Event "Titled Tuesday intern op 29th Nov Late"]
[Site "Chess.com INT"]
[Date "2022.11.29"]
[Round "1"]
[White "Bellissimo, Joseph F"]
[Black "Radjabov, Teimour"]
[Result "0-1"]
[WhiteElo "2203"]
[BlackElo "2747"]
[PlyCount "70"]
[EventDate "2022.11.29"]
[EventType "swiss (blitz)"]
[EventRounds "11"]
[EventCountry "USA"]
[SourceTitle "EXT 2024"]
[Source "ChessBase"]
[SourceDate "2023.10.10"]
[SourceVersion "1"]
[SourceVersionDate "2023.10.10"]
[SourceQuality "1"]

1. e4 c5 2. Nf3 Nc6 3. c3 Nf6 4. e5 Nd5 5. d4 cxd4 6. cxd4 d6 7. Bc4 Nb6 8. Bd3 d5 9. Nc3 Bg4 10. Be3 e6 11. a3 Be7 12. 0-0 Nc4 13. Qe2 0-0 14. b3 N4xe5 15. dxe5 Nxe5 16. Bd4 Nc6 17. Qe3 Bxf3 18. gxf3 Nxd4 19. Qxd4 Bf6 20. Qe3 Bxc3 21. Bxh7+ Kxh7 22. Qxc3 Qf6 23. Qb4 Qxf3 24. Rfe1 b6 25. Re5 Rac8 26. Rae1 Kg8 27. Qh4 Qf6 28. Qg3 Rc2 29. Rh5 Rfc8 30. Kg2 g6 31. Rg5 Rxf2+ 32. Qxf2 Qxg5+ 33. Kh1 Qf5 34. Qh4 Rc2 35. Qg3 d4 0-1

[Event "Titled Tuesday intern op 18th Oct Late"]
[Site "Chess.com INT"]
[Date "2022.10.18"]
[Round "2"]
[White "Bellissimo, Joseph F"]
[Black "Baskakov, Egor"]
[Result "0-1"]
[WhiteElo "2203"]
[BlackElo "2215"]
[PlyCount "44"]
[EventDate "2022.10.18"]
[EventType "swiss (blitz)"]
[EventRounds "11"]
[EventCountry "USA"]
[SourceTitle "EXT 2024"]
[Source "ChessBase"]
[SourceDate "2023.10.10"]
[SourceVersion "1"]
[SourceVersionDate "2023.10.10"]
[SourceQuality "1"]

1. e4 c5 2. Nf3 Nf6 3. e5 Nd5 4. c3 Nc6 5. d4 cxd4 6. cxd4 g6 7. Bc4 Nb6 8. Bd3 Bg7 9. Nc3 0-0 10. h4 d6 11. exd6 Bg4 12. h5 Nxd4 13. hxg6 hxg6 14. dxe7 Re8 15. Be3 Rxe7 16. Kf1 Rd7 17. Qb1 Nxf3 18. Bxg6 Nd2+ 19. Bxd2 Rxd2 20. Bh7+ Kf8 21. Qe4 Qd4 22. Qxd4 Bxd4 0-1

[Event "Titled Tuesday intern op 18th Oct Late"]
[Site "Chess.com INT"]
[Date "2022.10.18"]
[Round "4"]
[White "Bellissimo, Joseph F"]
[Black "Fernandez de La Vara, Arnaldo"]
[Result "0-1"]
[WhiteElo "2203"]
[BlackElo "2462"]
[PlyCount "150"]
[EventDate "2022.10.18"]
[EventType "swiss (blitz)"]
[EventRounds "11"]
[EventCountry "USA"]
[SourceTitle "EXT 2024"]
[Source "ChessBase"]
[SourceDate "2023.10.10"]
[SourceVersion "1"]
[SourceVersionDate "2023.10.10"]
[SourceQuality "1"]

1. e4 c5 2. Nf3 e6 3. c3 d5 4. e5 d4 5. Bd3 Nc6 6. 0-0 Nge7 7. Re1 Ng6 8. g3 Be7 9. h4 f6 10. exf6 Bxf6 11. h5 Nge5 12. Nxe5 Nxe5 13. Be4 0-0 14. f4 Nf7 15. Qf3 e5 16. d3 exf4 17. gxf4 dxc3 18. Nxc3 Ng5 19. Bd5+ Kh8 20. Qg2 Nh3+ 21. Kh1 Bxc3 22. bxc3 Qh4 23. Rf1 Qxh5 24. Bf3 Qh4 25. Qh2 Bg4 26. Be4 Rae8 27. Be3 b6 28. Rae1 h6 29. Kg2 Qh5 30. Qg3 Rf6 31. Rh1 Rxe4 32. dxe4 Rg6 33. Kf1 Bf3 34. Qh2 Bg2+ 35. Qxg2 Rxg2 36. Kxg2 Qg4+ 37. Kh2 Qh4 38. Kg2 Qg4+ 39. Kh2 Nxf4 40. Bxf4 Qxf4+ 41. Kg2 Qd2+ 42. Kf3 Qxc3+ 43. Kf4 Qf6+ 44. Kg4 Qe6+ 45. Kf4 Qf6+ 46. Ke3 Qd4+ 47. Kf4 c4 48. Kf5 Qf6+ 49. Kg4 Qe5 50. Rh5 Qe6+ 51. Kf4 g5+ 52. Ke3 Kg7 53. Rh2 b5 54. Rf2 Qe5 55. Rf5 Qc3+ 56. Kf2 Qd4+ 57. Kf1 Qd3+ 58. Re2 c3 59. Rd5 Qc4 60. Rd1 b4 61. Rc1 a5 62. e5 Kf7 63. e6+ Ke7 64. Rd1 a4 65. Rd7+ Ke8 66. e7 Qxe2+ 67. Kxe2 Kxd7 68. Kd3 Kxe7 69. Kc4 b3 70. Kb4 bxa2 71. Kxc3 a1Q+ 72. Kb4 a3 73. Ka5 a2 74. Ka4 Qb2 75. Ka5 a1Q# 0-1

[Event "Titled Tuesday intern op 11th Oct Early"]
[Site "Chess.com INT"]
[Date "2022.10.11"]
[Round "1"]
[White "Durarbayli, Vasif"]
[Black "Bellissimo, Joseph F"]
[Result "1-0"]
[WhiteElo "2612"]
[BlackElo "2203"]
[PlyCount "37"]
[EventDate "2022.10.11"]
[EventType "swiss (blitz)"]
[EventRounds "11"]
[EventCountry "USA"]
[SourceTitle "EXT 2024"]
[Source "ChessBase"]
[SourceDate "2023.10.10"]
[SourceVersion "1"]
[SourceVersionDate "2023.10.10"]
[SourceQuality "1"]

1. e4 e6 2. d4 d5 3. e5 c5 4. c3 Nc6 5. Nf3 Qb6 6. Be2 Bd7 7. dxc5 Bxc5 8. 0-0 a5 9. Bd3 f6 10. Qe2 fxe5 11. Nxe5 Nf6 12. Nxd7 Kxd7 13. Nd2 a4 14. Nf3 Rhe8 15. Bf4 Bd6 16. Ne5+ Kc7 17. Rae1 Ra5 18. Bg3 d4 19. Nc4 1-0

[Event "Titled Tuesday intern op 20th Sep Late"]
[Site "Chess.com INT"]
[Date "2022.09.20"]
[Round "1"]
[White "Tari, Aryan"]
[Black "Bellissimo, Joseph F"]
[Result "1-0"]
[WhiteElo "2656"]
[BlackElo "2203"]
[PlyCount "45"]
[EventDate "2022.09.20"]
[EventType "swiss (blitz)"]
[EventRounds "11"]
[EventCountry "USA"]
[SourceTitle "EXT 2023"]
[Source "ChessBase"]
[SourceDate "2022.10.05"]
[SourceVersion "1"]
[SourceVersionDate "2022.10.05"]
[SourceQuality "1"]

1. e4 e6 2. d4 d5 3. Nc3 Nf6 4. e5 Nfd7 5. Nce2 c5 6. c3 Nc6 7. f4 Qb6 8. Nf3 cxd4 9. cxd4 Bb4+ 10. Kf2 f6 11. Be3 0-0 12. g3 fxe5 13. fxe5 Ndxe5 14. dxe5 Rxf3+ 15. Kxf3 Nxe5+ 16. Kg2 Qxe3 17. Qd4 Qf3+ 18. Kg1 Ba5 19. Qxe5 Bd2 20. h4 Bd7 21. Bg2 Be3+ 22. Kh2 Qxe2 23. Rae1 1-0

[Event "Titled Tuesday intern op 06th Sep Early"]
[Site "Chess.com INT"]
[Date "2022.09.06"]
[Round "3"]
[White "Tica, Sven"]
[Black "Bellissimo, Joseph F"]
[Result "1-0"]
[WhiteElo "2436"]
[BlackElo "2203"]
[PlyCount "69"]
[EventDate "2022.09.06"]
[EventType "swiss (blitz)"]
[EventRounds "11"]
[EventCountry "USA"]
[SourceTitle "EXT 2023"]
[Source "ChessBase"]
[SourceDate "2022.10.05"]
[SourceVersion "1"]
[SourceVersionDate "2022.10.05"]
[SourceQuality "1"]

1. e4 e6 2. b3 d5 3. Bb2 dxe4 4. Nc3 Nf6 5. Qe2 c5 6. Nxe4 Be7 7. 0-0-0 Nc6 8. Nf3 0-0 9. g4 b6 10. g5 Nd5 11. h4 Nd4 12. Nxd4 cxd4 13. Qd3 e5 14. Qg3 Nf4 15. h5 Bb7 16. f3 Rc8 17. Kb1 Qc7 18. Rc1 a5 19. a4 Bd5 20. Nf6+ Kh8 21. Nxd5 Nxd5 22. Bc4 Nf4 23. Rhe1 f6 24. h6 g6 25. Re4 fxg5 26. Rce1 Bf6 27. c3 Rfd8 28. cxd4 exd4 29. Qxg5 Qd6 30. Qxf4 Qxf4 31. Rxf4 Rd6 32. Rxf6 Rxf6 33. Bxd4 Rcf8 34. Bxf6+ Rxf6 35. Re8+ 1-0

[Event "Titled Tuesday intern op 30th Aug Late"]
[Site "Chess.com INT"]
[Date "2022.08.30"]
[Round "1"]
[White "Ibarra Jerez, Jose Carlos"]
[Black "Bellissimo, Joseph F"]
[Result "1-0"]
[WhiteElo "2570"]
[BlackElo "2203"]
[PlyCount "137"]
[EventDate "2022.08.30"]
[EventType "swiss (blitz)"]
[EventRounds "11"]
[EventCountry "USA"]
[SourceTitle "EXT 2023"]
[Source "ChessBase"]
[SourceDate "2022.10.05"]
[SourceVersion "1"]
[SourceVersionDate "2022.10.05"]
[SourceQuality "1"]

1. e4 e6 2. d4 d5 3. Nc3 Nf6 4. Bg5 dxe4 5. Nxe4 Be7 6. Bxf6 gxf6 7. Nf3 f5 8. Nc3 a6 9. Qd2 b5 10. 0-0-0 b4 11. Na4 Qd5 12. Kb1 Bb7 13. Ne5 Nd7 14. Bc4 Qa5 15. Nxd7 Kxd7 16. Nc5+ Kc8 17. Nxb7 Kxb7 18. Qe2 Bd6 19. Qf3+ Ka7 20. d5 Rhe8 21. Rhe1 Qc5 22. Bb3 Re7 23. dxe6 fxe6 24. Rxe6 Rae8 25. Rxe7 Rxe7 26. Bd5 Kb6 27. h4 f4 28. Be4 a5 29. Bd3 c6 30. Be4 a4 31. Qd3 Bc7 32. f3 a3 33. bxa3 bxa3 34. Qb3+ Ka7 35. Qa4+ Ba5 36. Bxc6 Rd7 37. Rxd7+ Ka6 38. Qb5+ Qxb5+ 39. Bxb5+ Kxb5 40. Rxh7 Kc4 41. h5 Kc3 42. Rb7 Kd2 43. h6 Ke1 44. Rb3 Kf1 45. h7 Kxg2 46. h8Q Be1 47. Qh5 Bg3 48. Rd3 Bf2 49. Qg4+ Kf1 50. Qxf4 Ke2 51. Rd2+ Kf1 52. Rxf2+ Kxf2 53. c4 Ke2 54. Kc2 Ke1 55. Kb3 Kd1 56. Kxa3 Kc2 57. Kb4 Kb2 58. a4 Ka2 59. a5 Kb2 60. a6 Ka2 61. c5 Kb2 62. c6 Kc2 63. c7 Kb1 64. a7 Kc2 65. c8Q+ Kd1 66. Qcc1+ Ke2 67. Qcd2+ Kf1 68. Qc4+ Kg1 69. Qcc1# 1-0

[Event "Titled Tuesday intern op 16th Aug Late"]
[Site "Chess.com INT"]
[Date "2022.08.16"]
[Round "1"]
[White "Bellissimo, Joseph F"]
[Black "Bilych, Olexiy"]
[Result "0-1"]
[WhiteElo "2203"]
[BlackElo "2387"]
[PlyCount "132"]
[EventDate "2022.08.16"]
[EventType "swiss (blitz)"]
[EventRounds "11"]
[EventCountry "USA"]
[SourceTitle "EXT 2023"]
[Source "ChessBase"]
[SourceDate "2022.10.05"]
[SourceVersion "1"]
[SourceVersionDate "2022.10.05"]
[SourceQuality "1"]

1. e4 e5 2. Nf3 Nc6 3. Bc4 Bc5 4. c3 Nf6 5. d3 d6 6. Bb3 a5 7. Nbd2 0-0 8. h3 Be6 9. Bc2 d5 10. 0-0 dxe4 11. dxe4 Qe7 12. Qe2 Nd7 13. Re1 Nb6 14. b3 Rfd8 15. Nf1 a4 16. Be3 h6 17. Ng3 Qf8 18. Nh4 g6 19. Nh5 gxh5 20. Qxh5 Bxe3 21. Rxe3 axb3 22. Rg3+ Kh7 23. Ng6 fxg6 24. Qxg6+ Kh8 25. Qxe6 bxc2 26. Kh2 Rd6 27. Qb3 Qxf2 28. Rc1 Qf4 29. Rxc2 Rg6 30. c4 Qxg3+ 31. Qxg3 Rxg3 32. Kxg3 Nd4 33. Rf2 Kg7 34. Kh4 Rf8 35. Rb2 Rf4+ 36. g4 Rxe4 37. c5 Nd7 38. Rxb7 Ne6 39. c6 Nf6 40. a4 h5 41. a5 hxg4 42. hxg4 Rxg4+ 43. Kh3 Nf4+ 44. Kh2 Rg2+ 45. Kh1 Ra2 46. Rxc7+ Kg6 47. Ra7 N6d5 48. c7 Nxc7 49. Rxc7 Rxa5 50. Rc6+ Kf5 51. Rc2 Ra3 52. Kh2 Rh3+ 53. Kg1 Rg3+ 54. Kh2 Rg2+ 55. Rxg2 Nxg2 56. Kxg2 Ke4 57. Kf2 Kd3 58. Kf3 e4+ 59. Kf2 Kd2 60. Kg2 e3 61. Kf3 e2 62. Kg2 e1Q 63. Kh3 Qg1 64. Kh4 Ke3 65. Kh5 Kf4 66. Kh4 Qh1# 0-1

[Event "Titled Tuesday intern op 02nd Aug Late"]
[Site "Chess.com INT"]
[Date "2022.08.02"]
[Round "1"]
[White "Abdrlauf, Elham"]
[Black "Bellissimo, Joseph F"]
[Result "0-1"]
[WhiteElo "2466"]
[BlackElo "2203"]
[PlyCount "54"]
[EventDate "2022.08.02"]
[EventType "swiss (blitz)"]
[EventRounds "11"]
[EventCountry "USA"]
[SourceTitle "EXT 2023"]
[Source "ChessBase"]
[SourceDate "2022.10.05"]
[SourceVersion "1"]
[SourceVersionDate "2022.10.05"]
[SourceQuality "1"]

1. e4 e6 2. d4 d5 3. Nc3 Nf6 4. Bg5 dxe4 5. Nxe4 Be7 6. Bxf6 gxf6 7. Nf3 f5 8. Ng3 c5 9. Qd2 cxd4 10. Nxd4 Bd7 11. 0-0-0 Nc6 12. Bb5 Qc7 13. Rhe1 0-0-0 14. Bxc6 Bxc6 15. Qc3 Bg5+ 16. Kb1 Bxg2 17. Qa3 Kb8 18. Nge2 a6 19. Rg1 Be7 20. Qe3 Rhg8 21. f3 Bc5 22. a3 e5 23. Qf2 exd4 24. Rxg2 d3 25. Rxg8 dxc2+ 26. Ka2 cxd1Q 27. Rxd8+ Qdxd8 0-1

[Event "Titled Tuesday intern op 02nd Aug Late"]
[Site "Chess.com INT"]
[Date "2022.08.02"]
[Round "3"]
[White "Bellissimo, Joseph F"]
[Black "Guz, Ari"]
[Result "0-1"]
[WhiteElo "2203"]
[BlackElo "2331"]
[PlyCount "92"]
[EventDate "2022.08.02"]
[EventType "swiss (blitz)"]
[EventRounds "11"]
[EventCountry "USA"]
[SourceTitle "EXT 2023"]
[Source "ChessBase"]
[SourceDate "2022.10.05"]
[SourceVersion "1"]
[SourceVersionDate "2022.10.05"]
[SourceQuality "1"]

1. e4 c5 2. Nf3 e6 3. c3 d5 4. e5 d4 5. Bd3 Nc6 6. 0-0 Nge7 7. Re1 Ng6 8. g3 b6 9. h4 Bb7 10. Qe2 Qc7 11. b4 dxc3 12. dxc3 cxb4 13. cxb4 Bxb4 14. Bd2 Bxd2 15. Nbxd2 0-0 16. Rac1 Rfd8 17. Ng5 Nf8 18. Nc4 h6 19. Ne4 Nxe5 20. Ncd6 Qe7 21. Nxb7 Nxd3 22. Nxd8 Nxc1 23. Rxc1 Rxd8 24. Qg4 f5 25. Qf4 fxe4 26. Rc7 Qf6 27. Qxe4 Rd7 28. Rc8 Rf7 29. Qe3 Qa1+ 30. Kg2 Qxa2 31. Rd8 Qc4 32. Kg1 Qc5 33. Qe2 Qc1+ 34. Kg2 Qc6+ 35. Kg1 Qf3 36. Qa2 a5 37. Rb8 Qd1+ 38. Kh2 Qd4 39. Kg1 a4 40. Qxe6 Qxf2+ 41. Kh1 Qf1+ 42. Kh2 Kh7 43. Qe4+ Ng6 44. g4 Rf2+ 45. Kg3 Qg1+ 46. Kh3 Rh2# 0-1

[Event "Titled Tuesday intern op 28th Jun Early"]
[Site "Chess.com INT"]
[Date "2022.06.28"]
[Round "2"]
[White "Bellissimo, Joseph F"]
[Black "Kowalczyk, Pawel"]
[Result "1-0"]
[WhiteElo "2203"]
[BlackElo "2345"]
[PlyCount "43"]
[EventDate "2022.06.28"]
[EventType "swiss (blitz)"]
[EventRounds "11"]
[EventCountry "USA"]
[SourceTitle "CBM 209 Extra"]
[Source "ChessBase"]
[SourceDate "2022.09.30"]
[SourceVersion "1"]
[SourceVersionDate "2022.09.30"]
[SourceQuality "1"]

1. e4 c5 2. Nf3 e6 3. c3 Nf6 4. e5 Nd5 5. d4 cxd4 6. cxd4 Nc6 7. Bc4 Nb6 8. Bd3 d6 9. 0-0 dxe5 10. dxe5 Be7 11. Nc3 0-0 12. Qe2 h6 13. Rd1 Qc7 14. Bf4 a6 15. Rac1 Bd7 16. Qe3 Nb4 17. Bxh6 gxh6 18. Qxh6 Nxd3 19. Rxd3 Rfc8 20. Ng5 Bxg5 21. Qxg5+ Kf8 22. Rh3 1-0

[Event "Titled Tuesday intern op 17th May Late"]
[Site "Chess.com INT"]
[Date "2022.05.17"]
[Round "3"]
[White "Bellissimo, Joseph F"]
[Black "Makarian, Rudik"]
[Result "0-1"]
[WhiteElo "2203"]
[BlackElo "2523"]
[PlyCount "142"]
[EventDate "2022.05.17"]
[EventType "swiss (blitz)"]
[EventRounds "11"]
[EventCountry "USA"]
[SourceTitle "CBM 208 Extra"]
[Source "ChessBase"]
[SourceDate "2022.07.31"]
[SourceVersion "1"]
[SourceVersionDate "2022.07.31"]
[SourceQuality "1"]

1. e4 d6 2. d4 Nf6 3. Nc3 e5 4. Nf3 Nbd7 5. h3 Be7 6. Be2 0-0 7. Be3 c6 8. Qd2 b5 9. a3 a5 10. dxe5 dxe5 11. Bd3 Bb7 12. 0-0 Qc7 13. Rfe1 Nc5 14. Bg5 Rfd8 15. Qe2 Ne6 16. Rad1 h6 17. Bxf6 Bxf6 18. Qe3 Be7 19. Ne2 Bc5 20. Qc1 Qb6 21. Rf1 Qc7 22. Ng3 Nf4 23. Kh2 Rd7 24. Nf5 Rad8 25. g3 Nxd3 26. cxd3 Bf8 27. Qc3 f6 28. d4 exd4 29. Rxd4 c5 30. Rxd7 Qxd7 31. Qe3 Qd3 32. Re1 Qxe3 33. Rxe3 c4 34. N3d4 Bc5 35. Ne6 Rc8 36. Nxc5 Rxc5 37. f4 b4 38. axb4 axb4 39. e5 c3 40. bxc3 bxc3 41. e6 c2 42. e7 Bc6 43. e8Q+ Bxe8 44. Rxe8+ Kh7 45. Re1 Rxf5 46. Rc1 Rc5 47. Kg2 Kg6 48. Kf3 Rc3+ 49. Kg4 f5+ 50. Kh4 Kh7 51. g4 g6 52. g5 hxg5+ 53. fxg5 Rc4+ 54. Kg3 Kg7 55. h4 Kf7 56. Kf3 Ke6 57. h5 gxh5 58. Ke3 h4 59. Kd3 Rc8 60. g6 Kf6 61. g7 Kxg7 62. Rg1+ Kf6 63. Kd2 c1Q+ 64. Rxc1 Rxc1 65. Ke3 h3 66. Kf4 h2 67. Kg3 h1Q 68. Kf4 Rc4+ 69. Kg3 Rc3+ 70. Kf2 Qh2+ 71. Ke1 Rc1# 0-1

[Event "Titled Tuesday intern op 17th May Late"]
[Site "Chess.com INT"]
[Date "2022.05.17"]
[Round "2"]
[White "Joubert, Dantelle"]
[Black "Bellissimo, Joseph F"]
[Result "0-1"]
[WhiteElo "1566"]
[BlackElo "2203"]
[PlyCount "60"]
[EventDate "2022.05.17"]
[EventType "swiss (blitz)"]
[EventRounds "11"]
[EventCountry "USA"]
[SourceTitle "CBM 208 Extra"]
[Source "ChessBase"]
[SourceDate "2022.07.31"]
[SourceVersion "1"]
[SourceVersionDate "2022.07.31"]
[SourceQuality "1"]

1. Nf3 Nf6 2. c4 Nc6 3. d4 d5 4. cxd5 Qxd5 5. Nc3 Qa5 6. g3 e5 7. dxe5 Nxe5 8. Nxe5 Qxe5 9. Bg2 c6 10. 0-0 Bc5 11. Bf4 Qe7 12. Na4 Be6 13. Nxc5 Qxc5 14. Bd6 Qh5 15. Ba3 Rd8 16. Qa4 Ng4 17. h3 Ne5 18. Qb4 Rd7 19. Rad1 a5 20. Qc5 Qg5 21. f4 Qxg3 22. Rxd7 Kxd7 23. Qxe5 Bxh3 24. Rd1+ Kc8 25. Qe4 Bxg2 26. Qxg2 Qxf4 27. Qh3+ f5 28. Bd6 Qg4+ 29. Qxg4 fxg4 30. Bf4 Re8 0-1

[Event "Titled Tuesday intern op 03rd May Early"]
[Site "Chess.com INT"]
[Date "2022.05.03"]
[Round "4"]
[White "Bellissimo, Joseph F"]
[Black "Polster, Christian"]
[Result "1-0"]
[WhiteElo "2203"]
[BlackElo "2236"]
[PlyCount "103"]
[EventDate "2022.05.03"]
[EventType "swiss (blitz)"]
[EventRounds "11"]
[EventCountry "USA"]
[SourceTitle "CBM 208 Extra"]
[Source "ChessBase"]
[SourceDate "2022.07.31"]
[SourceVersion "1"]
[SourceVersionDate "2022.07.31"]
[SourceQuality "1"]

1. e4 c5 2. Nf3 d6 3. d4 cxd4 4. Qxd4 Nf6 5. Nc3 Nc6 6. Bb5 Bd7 7. Bxc6 Bxc6 8. Bg5 e6 9. 0-0-0 Be7 10. Kb1 h6 11. Bh4 Qa5 12. Rhe1 0-0 13. Qd2 Qc5 14. Nd4 b5 15. Nb3 Qb6 16. Bxf6 Bxf6 17. f3 Rfd8 18. Ne2 a5 19. Nbd4 Be8 20. Ng3 b4 21. Nh5 Bxd4 22. Qxd4 Qxd4 23. Rxd4 Kf8 24. Red1 g6 25. Nf6 Ke7 26. Nxe8 Kxe8 27. Rxd6 Rxd6 28. Rxd6 Ke7 29. Rd4 Rc8 30. Kc1 f5 31. Kd2 Rc5 32. Kd3 Kf6 33. exf5 gxf5 34. c3 bxc3 35. bxc3 Rb5 36. Ra4 Rb2 37. g4 Rxh2 38. Rxa5 Rh3 39. gxf5 Rxf3+ 40. Kd4 Rxf5 41. Rxf5+ exf5 42. a4 h5 43. a5 h4 44. a6 h3 45. a7 Kg5 46. a8Q Kg4 47. Qh1 f4 48. Ke4 Kg3 49. Qf3+ Kh2 50. Qf2+ Kh1 51. Kf3 h2 52. Qg2# 1-0